Western economic warfare (Registro nro. 304575)
[ vista simple ]
| 000 -ENCABEZADO | |
|---|---|
| Número de control [NR] | 01117nam a2200277 a 4500 |
| 001 - NÚMERO DE CONTROL | |
| control field | ocn797631646 |
| 003 - IDENTIFICADOR DE CONTROL NÚMERO | |
| control field | OCoLC |
| 005 - FECHA Y HORA DE LA ÚLTIMA TRANSACCIÓN | |
| control field | 20161005075108.0 |
| 008 - DE LONGITUD FIJA DE DATOS DE ELEMENTOS - INFORMACIÓN GENERAL | |
| Elementos de longitud fija [NR] | 161005s1968 sw ad fr 001 0 eng d |
| 040 ## - FUENTE DE CATALOGACION [NR] | |
| Agencia de catalogación original [NR] | Co-BoUCM |
| Idioma de catalogación [NR] | spa |
| Quien Cataloga | Edgar Pinilla |
| Quien Clasifica | Edgar Pinilla |
| 041 0# - CODIGO DE IDIOMA [R] | |
| Código de idioma para texto/pista de sonido o título separado [R] | Inglés |
| 100 1# - ASIENTO PRINCIPAL--NOMBRE PERSONAL [NR] | |
| Nombre personal [NR] | Adler-Karlsson, Gunnar |
| ID Autoridad | 80796 |
| 245 10 - MENCION DE TITULO [NR] | |
| Título [NR] | Western economic warfare |
| Parte restante del título [NR] | 1947-1967 : a case study in foreign economic policy |
| Mención de responsabilidad, etc. [NR] | by Gunnar Adler-Karlsson ; with a foreword by Gunnar Myrdal |
| 260 ## - PUBLICACION, DISTRIBUCION, ETC. (PIE DE IMPRENTA) [R] | |
| Lugar de publicación, distribución, etc. [R] | Estocolmo (Suecia) |
| Nombre del editor, distribuidor, etc. [R] | Almqvist & Wiksell |
| Fecha de publicación, distribución, etc. [R] | 1968 |
| 300 ## - DESCRIPCION FISICA [R] | |
| Extensión [R] | xv, 319 páginas |
| Otros detalles físicos [NR] | ilustraciones, gráficas |
| 490 0# - MENCION DE SERIE [R] | |
| Mención de serie [R] | Acta universitatis Stockholmiensis. Stockholm economic studies. New series |
| Designación numérica/secuencial del volumen [NR] | 9 |
| 504 ## - NOTA DE BIBLIOGRAFIA, ETC. [R] | |
| Nota de bibliografía, etc. [NR] | Incluye referencias bibliográficas e índices |
| 650 04 - ASIENTO SECUNDARIO DE MATERIA - TERMINO TEMATICO [R] | |
| Término temático o nombre geográfico como elemento de entrada [NR] | Política económica |
| Subdivisión cronológica [R] | 1947-1967 |
| 9 (RLIN) | 80797 |
| 650 04 - ASIENTO SECUNDARIO DE MATERIA - TERMINO TEMATICO [R] | |
| Término temático o nombre geográfico como elemento de entrada [NR] | Globalización |
| Subdivisión general [R] | Aspectos económicos |
| 9 (RLIN) | 33475 |
| 650 04 - ASIENTO SECUNDARIO DE MATERIA - TERMINO TEMATICO [R] | |
| Término temático o nombre geográfico como elemento de entrada [NR] | Economía internacional |
| 9 (RLIN) | 7543 |
| 650 04 - ASIENTO SECUNDARIO DE MATERIA - TERMINO TEMATICO [R] | |
| Término temático o nombre geográfico como elemento de entrada [NR] | Embargo |
| Subdivisión cronológica [R] | 1947-1967 |
| 9 (RLIN) | 80798 |
| 690 #0 - ASUNTO AGREGADO LOCAL DE ENTRADA - TÉRMINO TEMÁTICO (OCLC, RLIN) | |
| Acceso temático local | Economía |
| 9 (RLIN) | 174 |
| 700 1# - ASIENTO SECUNDARIO - NOMBRE PERSONAL [R] | |
| Nombre personal [NR] | Myrdal, Gunnar |
| Término de relación [R] | editor |
| 9 (RLIN) | 80801 |
| 942 ## - ELEMENTOS DE ENTRADA AGREGADOS (KOHA) | |
| Sistema de clasificación | DEWEY |
| Tipo de ítem principal el descrito en 300a | Libro |
| Tema principal | Economía |
| Edición | 1 |
| Clasificación | 338.9 |
| Parte restante de la signatura top. | A237 |
| Total préstamos | Signatura topográfica | Código de barras | Última vez visto | Ejemplar | Costo de reposición | Price effective from | Tipo de ítem | Perdido | Sistema de clasificación | Dañado | No prestable | Tipo de ítem específico | Suprimido | Ubicación habitual | Ubicación actual | Localización | Fecha de creación | Proveedor | Forma de adquisición | Costo |
|---|---|---|---|---|---|---|---|---|---|---|---|---|---|---|---|---|---|---|---|---|
| 338.9 A237 | 100151035 | 03/12/2025 | Ej.1 | 42354.00 | 04/10/2016 | Libro | DEWEY | Libro | Claustro | Claustro | Mezanine | 04/10/2016 | 15 | Compra | 42354.00 |